| 000 | 00689nam a22002177a 4500 | ||
|---|---|---|---|
| 999 |
_c15275 _d15275 |
||
| 003 | AR-CdUCM | ||
| 008 | 190426b ||||| |||| 00| 0 spa d | ||
| 020 | _a978-1-4095-6160-6 | ||
| 040 |
_aMUNICIPALIDAD PROVINCIAL DEL CUSCO _cBIBLIOTECA MUNICIPAL DEL CUSCO |
||
| 082 |
_aPI / 800 / _bT21 |
||
| 100 |
_aTaplin, Sam _934325 |
||
| 245 | _aCuentos de animalitos para soñar / | ||
| 260 |
_aReino Unido : _bUsborne, _c2013. |
||
| 300 |
_bIlustraciones, _c21 cm. |
||
| 500 | _aNo cuenta con numeración de paginas | ||
| 650 |
_aCuentos para niños _933104 |
||
| 650 |
_aPrimera infancia _924660 |
||
| 650 |
_aLiteratura infantil _9588 |
||
| 942 |
_2ddc _cLIBROS |
||
| 945 |
_adavv _d26/04/2019 |
||